[Event "Belgrade Trophy 35th"]
[Site "Belgrade"]
[Date "2021.11.29"]
[Round "6"]
[White "Simic, Goran N"]
[Black "Chelushkina, Irina"]
[Result "0-1"]
[WhiteElo "1973"]
[BlackElo "2192"]
[PlyCount "72"]
[EventDate "2021.11.24"]
[EventType "swiss"]
[EventRounds "9"]
[EventCountry "SRB"]
[SourceTitle "CBM 205 Extra"]
[Source "ChessBase"]
[SourceDate "2022.01.31"]
[SourceVersion "1"]
[SourceVersionDate "2022.01.31"]
[SourceQuality "1"]

1. e4 c5 2. Nf3 Nc6 3. c4 e5 4. Nc3 g6 5. d3 Bg7 6. Be2 Nge7 7. Be3 d6 8. h3 Rb8 9. Rb1 a6 10. a4 0-0 11. 0-0 h6 12. Qd2 Kh7 13. Nh2 f5 14. f3 f4 15. Bf2 a5 16. Rfd1 b6 17. b3 Ng8 18. Nd5 h5 19. Bf1 Rb7 20. Kh1 Bh6 21. Qe1 g5 22. Rb2 Rg7 23. Be2 Nce7 24. Nxe7 Qxe7 25. Ra1 Nf6 26. Qd1 Rfg8 27. Raa2 Qe8 28. Kg1 g4 29. fxg4 hxg4 30. hxg4 Nxg4 31. Nxg4 Bxg4 32. Bxg4 Rxg4 33. Qf3 Qh5 34. Kf1 Qh1+ 35. Ke2 Rxg2 36. Kd2 R8g3 0-1

[Event "Belgrade Trophy 35th"]
[Site "Belgrade"]
[Date "2021.11.25"]
[Round "2"]
[White "Leszko, Bence"]
[Black "Simic, Goran N"]
[Result "1-0"]
[WhiteElo "2286"]
[BlackElo "1973"]
[PlyCount "131"]
[EventDate "2021.11.24"]
[EventType "swiss"]
[EventRounds "9"]
[EventCountry "SRB"]
[SourceTitle "CBM 205 Extra"]
[Source "ChessBase"]
[SourceDate "2022.01.31"]
[SourceVersion "1"]
[SourceVersionDate "2022.01.31"]
[SourceQuality "1"]

1. e4 c5 2. Nc3 d6 3. d4 cxd4 4. Qxd4 Nc6 5. Qd2 Nf6 6. b3 e6 7. Bb2 a6 8. 0-0-0 Be7 9. f3 Qc7 10. Kb1 0-0 11. g4 b5 12. h4 Bb7 13. h5 Rac8 14. g5 Nd7 15. g6 h6 16. gxf7+ Rxf7 17. Nh3 Nd8 18. Rg1 Kf8 19. Nf4 Ne5 20. Ng6+ Nxg6 21. Rxg6 Bf6 22. Ne2 Bxb2 23. Kxb2 d5 24. exd5 Qe5+ 25. c3 Bxd5 26. Nd4 Qxh5 27. Rg3 Qh4 28. Rg4 Qf6 29. Be2 Nc6 30. Nxc6 Rxc6 31. Rdg1 Rcc7 32. Qe3 Kg8 33. Rg6 Qf5 34. Rxh6 Qf4 35. Qxf4 Rxf4 36. Rh3 Rcf7 37. Rgg3 e5 38. Ka3 Kf8 39. Rg5 R4f5 40. Rxf5 Rxf5 41. Kb4 Kf7 42. Ka5 Rf6 43. Rg3 Rc6 44. Kb4 Rf6 45. c4 bxc4 46. bxc4 Bb7 47. c5 Rf4+ 48. Ka5 Rd4 49. Kb6 Rb4+ 50. Kc7 Bd5 51. Bxa6 Bxa2 52. Bb7 Kf6 53. Be4 g5 54. Rh3 g4 55. Rh6+ Kf7 56. c6 gxf3 57. Bxf3 Rf4 58. Bh5+ Ke7 59. Rh7+ Kf6 60. Rd7 e4 61. Kd8 Kg5 62. Be8 e3 63. c7 e2 64. Re7 Rd4+ 65. Bd7 Rd1 66. Rxe2 1-0

[Event "Belgrade Trophy 35th"]
[Site "Belgrade"]
[Date "2021.11.24"]
[Round "1"]
[White "Simic, Goran N"]
[Black "Trajkovic, Nenad"]
[Result "1-0"]
[WhiteElo "1973"]
[BlackElo "1473"]
[PlyCount "89"]
[EventDate "2021.11.24"]
[EventType "swiss"]
[EventRounds "9"]
[EventCountry "SRB"]
[SourceTitle "CBM 205 Extra"]
[Source "ChessBase"]
[SourceDate "2022.01.31"]
[SourceVersion "1"]
[SourceVersionDate "2022.01.31"]
[SourceQuality "1"]

1. c4 Nf6 2. Nc3 c5 3. e4 Nc6 4. d3 g6 5. f4 d6 6. Nf3 Bg4 7. Be2 Bxf3 8. Bxf3 e5 9. 0-0 Bg7 10. a3 0-0 11. Rb1 a6 12. Kh1 Qc7 13. f5 Nd4 14. Bg5 Rab8 15. Qd2 b5 16. Bxf6 Bxf6 17. Nd5 Qd8 18. cxb5 axb5 19. Bg4 Bg5 20. Qf2 Bh4 21. g3 gxf5 22. Bxf5 Nxf5 23. Qxf5 Bg5 24. Qg4 Kh8 25. Rf5 f6 26. h4 Bh6 27. Rbf1 Bg7 28. Rh5 Rb7 29. Ne3 Rbf7 30. Nf5 Qd7 31. Qg6 Bh6 32. Qxh6 Rg8 33. Qe3 d5 34. Kh2 c4 35. Nh6 d4 36. Nxf7+ Qxf7 37. Qf3 Rg6 38. dxc4 bxc4 39. Rxe5 c3 40. bxc3 dxc3 41. Rf5 c2 42. Qc3 Qa2 43. R1f2 c1Q 44. Qxc1 Qxf2+ 45. Rxf2 1-0

[Event "Belgrade-chT"]
[Site "Belgrade"]
[Date "2019.10.03"]
[Round "10.4"]
[White "Simic, Goran N"]
[Black "Grcic, Vukasin"]
[Result "0-1"]
[WhiteElo "1984"]
[BlackElo "2125"]
[PlyCount "74"]
[EventDate "2019.09.23"]
[EventType "team-tourn"]
[EventRounds "11"]
[EventCountry "SRB"]
[SourceTitle "EXT 2020"]
[Source "ChessBase"]
[SourceDate "2019.10.17"]
[SourceVersion "1"]
[SourceVersionDate "2019.10.17"]
[SourceQuality "1"]
[WhiteTeam "Belgrade EDB"]
[BlackTeam "Tadic"]
[WhiteTeamCountry "SRB"]
[BlackTeamCountry "SRB"]

1. d4 d5 2. c4 e6 3. Nc3 c5 4. e3 Nf6 5. Nf3 a6 6. a4 Nc6 7. Be2 Be7 8. 0-0 0-0 9. b3 b6 10. Ne5 Bb7 11. Nxc6 Bxc6 12. Bf3 Rc8 13. Bb2 dxc4 14. dxc5 cxb3 15. Qxd8 Bxd8 16. cxb6 Bxf3 17. gxf3 Bxb6 18. Ra3 Rb8 19. Rxb3 Bxe3 20. Rxb8 Rxb8 21. fxe3 Rxb2 22. Rd1 Kf8 23. Rd6 Rb3 24. Ne2 a5 25. Ra6 Rxe3 26. Kf2 Re5 27. Nd4 Rh5 28. Nc6 Rxh2+ 29. Kg3 Rc2 30. Nxa5 g5 31. Nc6 h5 32. a5 Nd5 33. f4 Rc3+ 34. Kf2 Nxf4 35. Ra8+ Kg7 36. Nd8 g4 37. a6 g3+ 0-1

[Event "Belgrade-chT"]
[Site "Belgrade"]
[Date "2019.09.23"]
[Round "1.5"]
[White "Simic, Goran N"]
[Black "Milic, Dragan"]
[Result "1/2-1/2"]
[WhiteElo "1984"]
[BlackElo "2070"]
[PlyCount "125"]
[EventDate "2019.09.23"]
[EventType "team-tourn"]
[EventRounds "11"]
[EventCountry "SRB"]
[SourceTitle "EXT 2020"]
[Source "ChessBase"]
[SourceDate "2019.10.17"]
[SourceVersion "1"]
[SourceVersionDate "2019.10.17"]
[SourceQuality "1"]
[WhiteTeam "Belgrade EDB"]
[BlackTeam "Belgrade PTT"]
[WhiteTeamCountry "SRB"]
[BlackTeamCountry "SRB"]

1. d4 Nf6 2. c4 c5 3. d5 e6 4. Nc3 exd5 5. cxd5 d6 6. e4 g6 7. Nf3 Bg4 8. Be2 Bxf3 9. Bxf3 Bg7 10. 0-0 0-0 11. Bf4 a6 12. a4 b6 13. Re1 Ra7 14. Qd3 Re8 15. h3 Rae7 16. g4 Qc7 17. Bg2 Nfd7 18. Rad1 Ne5 19. Qg3 h6 20. Bxe5 Bxe5 21. f4 Bd4+ 22. Kh1 Nd7 23. g5 h5 24. b3 Qb8 25. Ne2 Bg7 26. Nc1 b5 27. axb5 axb5 28. Nd3 Bd4 29. h4 Qa7 30. f5 Ne5 31. Nxe5 Bxe5 32. Qd3 c4 33. bxc4 bxc4 34. Qxc4 Qf2 35. Qd3 Qxh4+ 36. Qh3 Qxg5 37. Bf3 Bg3 38. Rg1 h4 39. fxg6 fxg6 40. Rc1 Qf4 41. Bg2 Rxe4 42. Bxe4 Qxe4+ 43. Qg2 Qxg2+ 44. Kxg2 Re3 45. Rc7 h3+ 46. Kh1 g5 47. Rb1 Re8 48. Rc3 Bf4 49. Rxh3 Kg7 50. Rd3 Kg6 51. Rbb3 Kf5 52. Kg1 Re5 53. Rd1 Ke4 54. Rbd3 g4 55. Rd4+ Kf5 56. Rf1 Re4 57. Rxe4 Kxe4 58. Kg2 Be5 59. Rd1 Bd4 60. Kg3 Kxd5 61. Kxg4 Ke4 62. Rh1 Bf2 63. Rh6 1/2-1/2

[Event "Belgrade-chTB Quality"]
[Site "Belgrade"]
[Date "2018.11.04"]
[Round "11.7"]
[White "Simic, Goran N"]
[Black "Vukovojac, Marko"]
[Result "1/2-1/2"]
[WhiteElo "2032"]
[BlackElo "1995"]
[PlyCount "22"]
[EventDate "2018.09.29"]
[EventType "team-tourn"]
[EventRounds "11"]
[EventCountry "SRB"]
[SourceTitle "EXT 2022"]
[Source "ChessBase"]
[SourceDate "2021.10.06"]
[SourceVersion "1"]
[SourceVersionDate "2021.10.06"]
[SourceQuality "1"]
[WhiteTeam "Belgrade EDB"]
[BlackTeam "Belgrade Polet"]
[WhiteTeamCountry "SRB"]
[BlackTeamCountry "SRB"]

1. d4 e6 2. c4 d5 3. Nc3 Nf6 4. Nf3 Be7 5. Bf4 0-0 6. e3 b6 7. Be2 Bb7 8. 0-0 c5 9. h3 Nc6 10. a3 Rc8 11. cxd5 exd5 1/2-1/2

[Event "Belgrade-chTB Quality"]
[Site "Belgrade"]
[Date "2018.10.20"]
[Round "7.7"]
[White "Simic, Goran N"]
[Black "Lazovic, Branko"]
[Result "1-0"]
[WhiteElo "2032"]
[BlackElo "1950"]
[PlyCount "93"]
[EventDate "2018.09.29"]
[EventType "team-tourn"]
[EventRounds "11"]
[EventCountry "SRB"]
[SourceTitle "CBM 187 Extra"]
[Source "ChessBase"]
[SourceDate "2018.11.04"]
[SourceVersion "1"]
[SourceVersionDate "2018.11.04"]
[SourceQuality "1"]
[WhiteTeam "Belgrade EDB"]
[BlackTeam "Nis Jugopetrol"]
[WhiteTeamCountry "SRB"]
[BlackTeamCountry "SRB"]

1. e4 c5 2. Nf3 Nc6 3. d4 cxd4 4. Nxd4 g6 5. Nxc6 bxc6 6. Qd4 f6 7. Bc4 Qb6 8. Qd3 e6 9. Nc3 a5 10. a3 a4 11. 0-0 Nh6 12. Be3 Qd8 13. Rfe1 Nf7 14. f4 Be7 15. Qf1 Qa5 16. Rad1 Bc5 17. Bxc5 Qxc5+ 18. Kh1 Qb6 19. f5 Ke7 20. fxe6 dxe6 21. e5 f5 22. Rc1 Qc5 23. Ba2 Ba6 24. Qf4 Bb5 25. Qh4+ g5 26. Qh5 Bc4 27. Bxc4 Qxc4 28. Rcd1 Rab8 29. Rb1 Rbd8 30. Qf3 Rb8 31. Qf2 Rb7 32. Nd1 Rhb8 33. c3 f4 34. Qf3 Rd7 35. Nf2 Rd2 36. Ne4 Rd5 37. Nd6 Nxd6 38. exd6+ Kxd6 39. Qh5 Qd3 40. Qf7 Qf5 41. Qa7 Rf8 42. c4 Rd3 43. c5+ Kd5 44. Qd7+ Kc4 45. Qxc6 Rd2 46. Qxa4+ Kxc5 47. Qb4+ 1-0

[Event "Belgrade-chTB Quality"]
[Site "Belgrade"]
[Date "2018.09.29"]
[Round "1.7"]
[White "Milutinovic, Dejan D"]
[Black "Simic, Goran N"]
[Result "1/2-1/2"]
[WhiteElo "1977"]
[BlackElo "2032"]
[PlyCount "148"]
[EventDate "2018.09.29"]
[EventType "team-tourn"]
[EventRounds "11"]
[EventCountry "SRB"]
[SourceTitle "CBM 187 Extra"]
[Source "ChessBase"]
[SourceDate "2018.11.04"]
[SourceVersion "1"]
[SourceVersionDate "2018.11.04"]
[SourceQuality "1"]
[WhiteTeam "Belgrade Lasta"]
[BlackTeam "Belgrade EDB"]
[WhiteTeamCountry "SRB"]
[BlackTeamCountry "SRB"]

1. e4 c5 2. Nc3 Nc6 3. g3 e5 4. Bg2 d6 5. Nge2 Nf6 6. d3 Be7 7. 0-0 a6 8. a3 0-0 9. h3 b5 10. Qd2 Bb7 11. Nd1 Rc8 12. Ne3 Nd4 13. Qd1 Re8 14. c3 Nxe2+ 15. Qxe2 Bf8 16. Nf5 d5 17. Bg5 h6 18. Bc1 Qd7 19. g4 dxe4 20. dxe4 Rcd8 21. g5 hxg5 22. Bxg5 Qd3 23. Rfe1 Qxe2 24. Rxe2 Rd3 25. Rae1 Nh5 26. Rd2 Rxd2 27. Bxd2 Rd8 28. Bc1 c4 29. Bf3 Nf6 30. Bg5 Rd3 31. Kg2 Nh7 32. Bc1 Bc5 33. Ng3 Nf6 34. Be2 Rd7 35. f3 g6 36. Rh1 Kg7 37. h4 Nh5 38. Nxh5+ gxh5 39. Rh3 Rd6 40. Rg3+ Rg6 41. Rxg6+ Kxg6 42. Kg3 f5 43. exf5+ Kxf5 44. Bd1 Bd6 45. Kh3 Bc8 46. Kg3 a5 47. Bc2+ e4+ 48. Kf2 Bb7 49. a4 bxa4 50. fxe4+ Bxe4 51. Bd1 Kg6 52. Bxa4 Bd5 53. Bc2+ Kg7 54. Be3 Bc6 55. Bd4+ Kh6 56. Bf5 a4 57. Bf6 a3 58. bxa3 Bxa3 59. Ke3 Bc5+ 60. Kf4 Bd6+ 61. Be5 Be7 62. Kg3 Bd5 63. Kh3 Bc5 64. Kg3 Ba3 65. Bf6 Bd6+ 66. Kf2 Bc5+ 67. Ke2 Bd6 68. Ke3 Bc5+ 69. Kf4 Bd6+ 70. Be5 Be7 71. Kg3 Bc5 72. Bd7 Be7 73. Bf4+ Kg7 74. Be8 Bf6 1/2-1/2

[Event "Belgrade Trophy 31st"]
[Site "Belgrade"]
[Date "2017.11.27"]
[Round "4"]
[White "Simic, Goran N"]
[Black "Sahin, Ozgun"]
[Result "0-1"]
[WhiteElo "2038"]
[BlackElo "2226"]
[PlyCount "76"]
[EventDate "2017.11.24"]
[EventType "swiss"]
[EventRounds "9"]
[EventCountry "SRB"]
[SourceTitle "CBM 181 Extra"]
[Source "ChessBase"]
[SourceDate "2017.12.12"]
[SourceVersion "1"]
[SourceVersionDate "2017.12.12"]
[SourceQuality "1"]

1. d4 Nf6 2. c4 e5 3. dxe5 Ng4 4. e3 Nxe5 5. Nf3 Nbc6 6. Nxe5 Nxe5 7. a3 g6 8. Nc3 Bg7 9. Be2 d6 10. 0-0 Be6 11. Qa4+ c6 12. f4 Nd7 13. Qc2 0-0 14. b3 Nc5 15. b4 Bf5 16. Qd2 Nb3 17. Qb2 Nxa1 18. Qxa1 a5 19. b5 Qe7 20. bxc6 bxc6 21. Bd2 Rab8 22. g4 Bd7 23. Qc1 Rb3 24. Nd1 Rfb8 25. Bxa5 Ra8 26. Bb4 c5 27. Qc2 Rxe3 28. Nxe3 Qxe3+ 29. Kg2 cxb4 30. axb4 Ra1 31. Rxa1 Bc6+ 32. Kf1 Bxa1 33. Qd3 Qxf4+ 34. Ke1 Be4 35. Qa3 Bd4 36. h3 Be3 37. Kd1 Qf2 38. Qc3 Qg1+ 0-1

[Event "Belgrade-chT"]
[Site "Belgrade"]
[Date "2014.11.01"]
[Round "9"]
[White "Simic, Goran N"]
[Black "Todorovic, Violeta"]
[Result "1-0"]
[WhiteElo "2082"]
[BlackElo "2117"]
[PlyCount "89"]
[EventDate "2014.10.04"]
[EventType "team-tourn"]
[EventRounds "13"]
[EventCountry "SRB"]
[SourceTitle "EXT 2015"]
[Source "ChessBase"]
[SourceDate "2014.11.20"]
[SourceVersion "1"]
[SourceVersionDate "2014.11.20"]
[SourceQuality "1"]

1. d4 Nf6 2. c4 g6 3. Nc3 Bg7 4. e4 d6 5. Nf3 0-0 6. h3 Na6 7. Be3 e5 8. d5 Nc5 9. Bd3 Nh5 10. b4 Nxd3+ 11. Qxd3 Nf4 12. Bxf4 exf4 13. 0-0 a5 14. a3 f5 15. exf5 Bxf5 16. Qd2 Qf6 17. Nb5 axb4 18. Qxb4 Bd3 19. Rfe1 Qf7 20. Rad1 Bc2 21. Rc1 Ra4 22. Qd2 Bf5 23. Ng5 Qd7 24. Ne6 Bxe6 25. dxe6 Qe7 26. Qd1 Ra5 27. Qd2 Ra4 28. Nc3 Rxa3 29. Nd5 Qg5 30. e7 Re8 31. Nxc7 Rxe7 32. Qxd6 Bf8 33. Rxe7 Bxe7 34. Qe6+ Kg7 35. Re1 Bc5 36. Qd7+ Kh6 37. Ne6 Bxf2+ 38. Kf1 Qf6 39. Kxf2 f3 40. Qd2+ g5 41. g3 Kh5 42. Re3 Ra6 43. Nd4 Rd6 44. g4+ Kg6 45. Qc2+ 1-0

[Event "Belgrade-chT"]
[Site "Belgrade"]
[Date "2013.10.16"]
[Round "5.5"]
[White "Simic, Goran N"]
[Black "Stajcic, Vladimir"]
[Result "1/2-1/2"]
[WhiteElo "2073"]
[BlackElo "2032"]
[PlyCount "97"]
[EventDate "2013.10.12"]
[EventType "team-tourn"]
[EventRounds "11"]
[EventCountry "SRB"]
[SourceTitle "EXT 2014"]
[Source "ChessBase"]
[SourceDate "2013.11.20"]
[SourceVersion "1"]
[SourceVersionDate "2013.11.20"]
[SourceQuality "1"]
[WhiteTeam "Post Stedionica"]
[BlackTeam "GSP Polet"]
[WhiteTeamCountry "SRB"]
[BlackTeamCountry "SRB"]

1. d4 Nf6 2. c4 c5 3. d5 b5 4. cxb5 a6 5. b6 Qxb6 6. Nc3 d6 7. e4 g6 8. Bc4 Bg7 9. Nge2 Nbd7 10. f4 Qa7 11. Qd3 0-0 12. a4 Nb6 13. h3 Nxc4 14. Qxc4 a5 15. Nb5 Qb8 16. 0-0 Ba6 17. Bd2 Nd7 18. Bxa5 Bxb5 19. axb5 Bxb2 20. Ra2 Bf6 21. Rb1 Nb6 22. Qc2 Ra7 23. Bc3 Rxa2 24. Qxa2 Qb7 25. Bxf6 exf6 26. Qb2 Qe7 27. Nc3 f5 28. Re1 fxe4 29. Rxe4 Qf6 30. Qd2 Ra8 31. Re1 Qd4+ 32. Qxd4 cxd4 33. Ne4 Nxd5 34. Nxd6 Rb8 35. Rb1 Nc3 36. Rb3 Rb6 37. Nc4 Rxb5 38. Rxb5 Nxb5 39. Kf2 f6 40. Kf3 Kf7 41. Ke4 Ke6 42. Nd2 Kd6 43. Nb3 f5+ 44. Kd3 Kd5 45. Nd2 Na7 46. Nf3 Nc6 47. Nd2 Nb4+ 48. Ke2 Kc5 49. g3 1/2-1/2

[Event "Belgrade tt Cup"]
[Site "Belgrade"]
[Date "2013.04.17"]
[Round "1"]
[White "Vujacic, Borivoje"]
[Black "Simic, Goran N"]
[Result "1-0"]
[WhiteElo "2304"]
[BlackElo "2070"]
[PlyCount "67"]
[EventDate "2013.04.17"]
[EventType "team-swiss"]
[EventRounds "5"]
[EventCountry "SRB"]
[SourceTitle "EXT 2015"]
[Source "ChessBase"]
[SourceDate "2014.11.20"]
[SourceVersion "1"]
[SourceVersionDate "2014.11.20"]
[SourceQuality "1"]

1. e4 c5 2. Nf3 d6 3. d4 cxd4 4. Nxd4 Nf6 5. Nc3 a6 6. Be2 e5 7. Nb3 Be6 8. f4 Qc7 9. 0-0 Nbd7 10. Kh1 Rc8 11. Qe1 b5 12. Be3 exf4 13. Bxf4 Ne5 14. Nd4 Be7 15. a4 b4 16. Na2 a5 17. c3 Bxa2 18. Rxa2 bxc3 19. Bb5+ Nfd7 20. Nf5 Bf6 21. bxc3 0-0 22. Qg3 Qxc3 23. Nxd6 Qxg3 24. Bxg3 Rc3 25. Be1 Rc1 26. Bxa5 Rxf1+ 27. Bxf1 Ng4 28. h3 Ne3 29. Bb5 Ne5 30. Bb6 Nd1 31. Rc2 Ng6 32. Ne8 Kh8 33. Nxf6 gxf6 34. Be2 1-0

[Event "Belgrade-chT"]
[Site "Belgrade"]
[Date "2012.10.11"]
[Round "10.1"]
[White "Tasev, Dejan"]
[Black "Simic, Goran N"]
[Result "1/2-1/2"]
[WhiteElo "2181"]
[BlackElo "2065"]
[PlyCount "20"]
[EventDate "2012.10.01"]
[EventType "team-tourn"]
[EventRounds "11"]
[EventCountry "SRB"]
[SourceTitle "CBM 150 Extra"]
[Source "ChessBase"]
[SourceDate "2012.10.19"]
[SourceVersion "1"]
[SourceVersionDate "2012.10.19"]
[SourceQuality "1"]
[WhiteTeam "Obilic"]
[BlackTeam "Belgrade Post Stedionica"]
[WhiteTeamCountry "SRB"]
[BlackTeamCountry "SRB"]

1. e4 c5 2. Nf3 d6 3. d4 cxd4 4. Nxd4 Nf6 5. Nc3 a6 6. Bg5 e6 7. Qd2 Be7 8. f3 Nc6 9. 0-0-0 Qc7 10. g4 Bd7 1/2-1/2

[Event "Belgrade Trophy 25th"]
[Site "Obrenovac"]
[Date "2011.11.28"]
[Round "5"]
[White "Robin, Samy"]
[Black "Simic, Goran N"]
[Result "1-0"]
[WhiteElo "2323"]
[BlackElo "2082"]
[PlyCount "103"]
[EventDate "2011.11.24"]
[EventType "swiss"]
[EventRounds "9"]
[EventCountry "YUG"]
[SourceTitle "CBM 145 Extra"]
[Source "ChessBase"]
[SourceDate "2012.01.03"]
[SourceVersion "1"]
[SourceVersionDate "2012.01.03"]
[SourceQuality "1"]

1. e4 c5 2. Nf3 d6 3. d4 cxd4 4. Nxd4 Nf6 5. Nc3 a6 6. f3 e5 7. Nb3 Be6 8. Nd5 Bxd5 9. exd5 Be7 10. Be3 Qc7 11. c4 Nbd7 12. Qd2 0-0 13. Be2 b6 14. 0-0 Nc5 15. Qd1 Nxb3 16. Qxb3 Nd7 17. Rac1 Kh8 18. Qc2 a5 19. b3 Nc5 20. Bd3 Nxd3 21. Qxd3 f5 22. Rc2 Rae8 23. Re2 Bd8 24. Bf2 Qf7 25. a3 Qg6 26. Rfe1 Qg5 27. Bg3 f4 28. Bf2 Rf6 29. Kh1 Rg6 30. Bg1 Rf8 31. b4 axb4 32. axb4 Rh6 33. c5 bxc5 34. bxc5 Bc7 35. c6 Rh5 36. Rb1 Qd8 37. Rb7 Rhf5 38. Ra2 R5f7 39. Raa7 Kg8 40. Qb1 g6 41. h3 Re8 42. Rxc7 Rxc7 43. Bb6 Rxa7 44. Bxd8 Rxd8 45. Qb6 Ra1+ 46. Kh2 Re8 47. c7 Rc1 48. Qxd6 Rc2 49. Qd7 Kf8 50. d6 e4 51. fxe4 Re2 52. Qxe8+ 1-0

[Event "SRB-chT quality"]
[Site "Belgrade"]
[Date "2010.10.17"]
[Round "4"]
[White "Simic, Goran N"]
[Black "Lukic, Nenad D"]
[Result "1-0"]
[WhiteElo "2052"]
[BlackElo "2165"]
[PlyCount "79"]
[EventDate "2010.10.09"]
[EventType "team-tourn"]
[EventRounds "11"]
[EventCountry "YUG"]
[SourceTitle "EXT 2011"]
[Source "ChessBase"]
[SourceDate "2010.11.26"]
[SourceVersion "1"]
[SourceVersionDate "2010.11.26"]
[SourceQuality "1"]

1. d4 Nf6 2. c4 c5 3. d5 d6 4. Nc3 g6 5. e4 Bg7 6. Bd3 0-0 7. h3 Nbd7 8. Nf3 Ne5 9. Nxe5 dxe5 10. Be3 b6 11. Qd2 Ne8 12. g4 Nd6 13. 0-0-0 a6 14. f3 Qc7 15. Bh6 f6 16. h4 Bd7 17. Bxg7 Kxg7 18. g5 Nf7 19. Qh2 Qd6 20. Rdg1 Rh8 21. Nd1 b5 22. Ne3 b4 23. gxf6+ Kxf6 24. Qg3 Rag8 25. Bf1 h5 26. Bh3 Bxh3 27. Qxh3 Nh6 28. Rg2 Rg7 29. Rf1 Rf7 30. Qg3 Kg7 31. Rfg1 Rf6 32. Qg5 Kf8 33. Nf5 Nxf5 34. exf5 Rxf5 35. Qxg6 Qxg6 36. Rxg6 Rxf3 37. Rxa6 Rh7 38. Ra8+ Kf7 39. Rgg8 Rg7 40. Raf8+ 1-0

[Event "SRB-chT quality"]
[Site "Belgrade"]
[Date "2010.10.16"]
[Round "3"]
[White "Keserovic, Milan"]
[Black "Simic, Goran N"]
[Result "0-1"]
[WhiteElo "2194"]
[BlackElo "2052"]
[PlyCount "111"]
[EventDate "2010.10.09"]
[EventType "team-tourn"]
[EventRounds "11"]
[EventCountry "YUG"]
[SourceTitle "EXT 2011"]
[Source "ChessBase"]
[SourceDate "2010.11.26"]
[SourceVersion "1"]
[SourceVersionDate "2010.11.26"]
[SourceQuality "1"]

1. e4 c5 2. Nf3 d6 3. c3 Nf6 4. Be2 e6 5. 0-0 Nc6 6. Qc2 Be7 7. d4 cxd4 8. cxd4 0-0 9. Nc3 Bd7 10. h3 Rc8 11. Be3 a6 12. Rfc1 Na5 13. Bd3 Nc4 14. Bg5 h6 15. Bh4 b5 16. Qe2 Nh5 17. Bxe7 Qxe7 18. g3 e5 19. Kh2 Qe6 20. Ng1 exd4 21. Nd5 Nf6 22. Nf4 Qe7 23. Nf3 Ne5 24. Nxd4 Nxd3 25. Qxd3 Qxe4 26. Qxe4 Nxe4 27. Nd5 Rxc1 28. Rxc1 Nxf2 29. Rc7 Be6 30. Nf4 Bxa2 31. Rc6 Ra8 32. Rxd6 Ne4 33. Rd7 Nc5 34. Rc7 Ne6 35. Ndxe6 Bxe6 36. b4 Rd8 37. Nxe6 fxe6 38. Re7 Rd2+ 39. Kg1 Rd6 40. Kf2 Kh7 41. Ke3 Kg6 42. Ra7 Kf6 43. h4 Rc6 44. Kf2 g5 45. hxg5+ hxg5 46. Kf3 Rc3+ 47. Kg4 Rc4+ 48. Kh5 Rxb4 49. Rxa6 g4 50. Rb6 Ke5 51. Kg5 Kd5 52. Kf6 Rb3 53. Kg5 Kc5 54. Rxe6 Rxg3 55. Kf4 Rf3+ 56. Ke4 0-1

[Event "Belgrade-chT"]
[Site "Belgrade"]
[Date "2009.10.08"]
[Round "5"]
[White "Simic, Goran N"]
[Black "Stamenkovic, Aleksandar"]
[Result "0-1"]
[WhiteElo "2047"]
[BlackElo "2254"]
[PlyCount "163"]
[EventDate "2009.10.04"]
[EventType "team-tourn"]
[EventRounds "9"]
[EventCountry "YUG"]
[SourceTitle "CBM 132 Extra"]
[Source "ChessBase"]
[SourceDate "2009.11.03"]
[SourceVersion "1"]
[SourceVersionDate "2009.11.03"]
[SourceQuality "1"]

1. d4 Nf6 2. c4 e6 3. Nf3 b6 4. Bf4 Bb7 5. e3 Be7 6. Nc3 d5 7. h3 0-0 8. Be2 c5 9. 0-0 Nc6 10. a3 dxc4 11. Bxc4 cxd4 12. exd4 Na5 13. Bd3 Rc8 14. Rc1 Nc4 15. Bxc4 Rxc4 16. Be5 Qc8 17. Nd2 Rc6 18. Bxf6 Bxf6 19. Nde4 Be7 20. d5 exd5 21. Nxd5 Bd8 22. Qd2 Rxc1 23. Rxc1 Qf5 24. Nec3 Bh4 25. Re1 Bxd5 26. Nxd5 Bxf2+ 27. Qxf2 Qxd5 28. Re7 Qd1+ 29. Qf1 Qa4 30. Qf2 f5 31. Qe2 Qc6 32. Qe5 Qg6 33. Qd5+ Kh8 34. Rxa7 Qe8 35. Qd4 Qg6 36. Qd5 h6 37. Ra8 Rxa8 38. Qxa8+ Kh7 39. b4 Qf6 40. Qf3 Qe5 41. Qd3 b5 42. Kf2 Kg6 43. Qb3 Qd4+ 44. Ke2 Qe4+ 45. Kf2 Qe7 46. Qd3 Qe5 47. Qb3 Qd4+ 48. Ke2 Qd7 49. Kf2 Kg5 50. Qg3+ Kf6 51. Qc3+ Ke6 52. Qe3+ Kf6 53. Qc3+ Kf7 54. Qb3+ Qe6 55. Qd3 Qb6+ 56. Ke2 g6 57. Kf1 Qc6 58. Kf2 Kf6 59. Qd4+ Kg5 60. Qd8+ Kh5 61. Qd1+ Kh4 62. Qd3 f4 63. g3+ Kxh3 64. gxf4+ Kg4 65. Qg3+ Kf5 66. Qh3+ Kxf4 67. Qxh6+ Kg4 68. Qe3 Qc2+ 69. Kf1 Qc4+ 70. Kg2 Qd5+ 71. Kf2 Qf5+ 72. Kg2 Qc2+ 73. Kf1 g5 74. Qg1+ Kf4 75. Qd4+ Qe4 76. Qd6+ Kg4 77. Kg1 Qe3+ 78. Kg2 Qf3+ 79. Kh2 Qf4+ 80. Qxf4+ Kxf4 81. a4 bxa4 82. b5 0-1

[Event "Belgrade Trophy 21st"]
[Site "Obrenovac"]
[Date "2008.12.02"]
[Round "6"]
[White "Dizdarevic, Barbara"]
[Black "Simic, Goran N"]
[Result "0-1"]
[WhiteElo "1877"]
[BlackElo "2053"]
[PlyCount "72"]
[EventDate "2008.11.27"]
[EventType "swiss"]
[EventRounds "9"]
[EventCountry "YUG"]
[SourceTitle "CBM 127 Extra"]
[Source "ChessBase"]
[SourceDate "2009.01.08"]
[SourceVersion "2"]
[SourceVersionDate "2009.01.28"]
[SourceQuality "1"]

1. e4 c5 2. c3 d5 3. exd5 Qxd5 4. d4 e5 5. dxe5 Qxe5+ 6. Be3 Nf6 7. Nf3 Qc7 8. Be2 Nc6 9. 0-0 Be7 10. c4 Bf5 11. Nc3 Rd8 12. Qa4 0-0 13. a3 Nd4 14. Bxd4 cxd4 15. Nb5 Qf4 16. g3 Qe4 17. Rfe1 Bc5 18. b4 d3 19. Nd2 Qe5 20. Bf3 Qb2 21. bxc5 Qxd2 22. Nd6 Bh3 23. Red1 Qc3 24. Rac1 Qd4 25. Qb3 Qxc5 26. Nxb7 Qf5 27. Bh1 Ne4 28. f3 Nc5 29. Qb2 Nxb7 30. Bg2 Bxg2 31. Kxg2 Nc5 32. Qf2 Rfe8 33. Re1 Ne6 34. Rcd1 h6 35. Qxa7 d2 36. Re2 Nf4+ 0-1

[Event "Belgrade Trophy 21st"]
[Site "Obrenovac"]
[Date "2008.11.28"]
[Round "2"]
[White "Rakic, Teodora"]
[Black "Simic, Goran N"]
[Result "1/2-1/2"]
[WhiteElo "1826"]
[BlackElo "2053"]
[PlyCount "100"]
[EventDate "2008.11.27"]
[EventType "swiss"]
[EventRounds "9"]
[EventCountry "YUG"]
[SourceTitle "CBM 127 Extra"]
[Source "ChessBase"]
[SourceDate "2009.01.08"]
[SourceVersion "2"]
[SourceVersionDate "2009.01.28"]
[SourceQuality "1"]

1. d4 d5 2. c4 e6 3. Nc3 Nf6 4. Bg5 Be7 5. Nf3 c6 6. e3 Nbd7 7. c5 b6 8. b4 bxc5 9. bxc5 Qa5 10. Qc2 Ba6 11. Bxa6 Qxa6 12. Qe2 Qa3 13. Qd2 h6 14. Bf4 Nh5 15. Be5 f6 16. Bg3 Nxg3 17. hxg3 Rb8 18. Rb1 0-0 19. 0-0 f5 20. Qc1 Qa5 21. Rb3 Rxb3 22. axb3 Qb4 23. Qb2 Rb8 24. Rb1 Bf6 25. Na2 Qb7 26. Qc2 g6 27. Nc1 Qb5 28. Nd3 a5 29. Nd2 e5 30. Qc3 exd4 31. exd4 Re8 32. Ra1 Bd8 33. Nf3 Bc7 34. Nde5 Nxe5 35. Nxe5 Bxe5 36. dxe5 Qe2 37. f4 Rb8 38. Re1 Qb5 39. e6 Qb4 40. Qxb4 axb4 41. Kf2 Kf8 42. Ke3 Ra8 43. Kf3 Ke7 44. g4 fxg4+ 45. Kxg4 Kf6 46. Kf3 Re8 47. Ra1 Rxe6 48. Ra4 h5 49. Rxb4 g5 50. fxg5+ Kxg5 1/2-1/2